000 00528nam a2200217Ia 4500
003 OSt
005 20220928135642.0
006 a|||||r|||| 00| 0
007 ta
008 220927b |||||||| |||| 00| 0 eng d
024 _a4354
037 _cTextual
040 _aSDCL
_cSDCL
_beng
041 _2eng
_aeng
082 _aO-,1N17x, K3
100 _aBrooks Gwendolyn
_9492462
245 0 _aSelected poems
260 _c1963
942 _hO-,1N17x, K3
_cTEXL
_2CC
999 _c808051
_d808051